50 Songs mit E - Statistiken

Allgemein
  • Dieses Quiz wurde 118 mal gespielt
  • Das Durchschnittsergebnis liegt bei 17 aus 50
Antwortstatistiken
Songtitel Interpret % Korrekt
Everybody (Backstreet's Back) (1997) Backstreet Boys
85%
Earth Song (1995) Michael Jackson
75%
Egoist (1998) Falco
71%
Engel (1997) Rammstein
70%
Emanuela (2005) Fettes Brot
67%
Einmal Um Die Welt (2011) Cro
66%
Empire State Of Mind (2009) Jay-Z
65%
Everytime We Touch (2005) Cascada
64%
Easy On Me (2021) Adele
58%
Enter Sandman (1991) Metallica
58%
The Edge Of Glory (2011) Lady Gaga
56%
Egal (2017) Michael Wendler
54%
Eye Of The Tiger (1982) Survivor
53%
E.T. (2011) Katy Perry
48%
Erfolg Ist Kein Glück (2015) Kontra K
48%
Every Breath You Take (1983) The Police
48%
Enjoy The Silence (1990) Depeche Mode
46%
Euphoria (2012) Loreen
45%
Englishman In New York (1987) Sting
45%
Espresso (2024) Sabrina Carpenter
43%
The Emptiness Machine (2024) Linkin Park
41%
Ein Ehrenwertes Haus (1975) Udo Jürgens
40%
Europapa (2024) Joost Klein
37%
Enemy (2021) Imagine Dragons
35%
Elastic Heart (2016) Sia
34%
Elke (1988) Die Ärzte
32%
Easy Lover (1984) Philip Bailey
31%
Everybody Hurts (1993) R.E.M.
31%
Es Gibt Nur Wasser (2012) Santiano
27%
Everything I Wanted (2019) Billie Eilish
26%
Eyes Closed (2023) Ed Sheeran
23%
Es Fährt Ein Zug Nach Nirgendwo (1972) Christian Anders
21%
Everytime (2004) Britney Spears
19%
Everybody Wants To Rule The World (1985) Tears For Fears
16%
Eins, Zwei, Polizei (1994) Mo-Do
14%
Eyes Without A Face (1984) Billy Idol
13%
Everybody (1993) DJ BoBo
13%
Es Gibt Kein Bier Auf Hawaii (1963) Paul Kuhn
10%
Eye In The Sky (1982) The Alan Parsons Project
10%
End Of The Road (1992) Boyz II Men
9%
Everywhere (1987) Fleetwood Mac
8%
Elefant (2020) LEA
8%
Every Rose Has Its Thorn (1988) Poison
8%
Es Ist Alles OK (2022) Roland Kaiser
8%
Everything At Once (2011) Lenka
7%
Even Flow (1992) Pearl Jam
7%
Edge of Seventeen (1982) Stevie Nicks
5%
Euphoria (2018) BTS
4%
Einfach Geil (1998) Wolfgang Petry
4%
Es Ist Einfach Passiert (2024) Maite Kelly
2%
Keine übereinstimmenden Quizze gefunden
Verteilung der Resultate
Anzahl Personen mit jedem Resultat
Perzentil nach korrekt beantworteten Fragen
Ihre Resultats-Entwicklung
Sie haben dieses Quiz noch nicht gespielt